| 000 | 00544nam a22001817a 4500 | ||
|---|---|---|---|
| 999 |
_c8972 _d8972 |
||
| 008 | 210308b ||||| |||| 00| 0 eng d | ||
| 040 | _aBMS College of Architecture | ||
| 100 | _aVimala | ||
| 245 | _aTourism hill resort Srirangapattana | ||
| 300 | _a86p. | ||
| 500 | _a1BM08AT064 | ||
| 502 |
_8B.Arch _NBMS College of Architecture, Visvesvaraya Technological University (VTU) _aProject report _d2013 |
||
| 650 | _aResort | ||
| 650 | _aSrirangapattana | ||
| 700 |
_aVaseem A S _eGuide |
||
| 700 |
_aSathish S Rao _eGuide |
||
| 942 |
_2ddc _cTHE |
||